Giải tích = Calculus

Nội dung sách bao gồm lý thuyết phương trình vi phân và lý thuyết chuỗi. Trong đó có 11 chương nói về các vấn đề: hàm số và giới hạn; đạo hàm; ứng dụng của đạo hàm; tích phân; ứng dụng của tích phân; hàm ngược; các kỹ thuật tính tích pha...

Celý popis

Uloženo v:
Podrobná bibliografie
Hlavní autor: Stewart, James
Médium: Kniha
Jazyk:Undetermined
Vydáno: Hà Nội Hồng Đức 2016
Témata:
Tagy: Přidat tag
Žádné tagy, Buďte první, kdo otaguje tento záznam!
Thư viện lưu trữ: Trung tâm Học liệu Trường Đại học Cần Thơ
LEADER 01059nam a2200217Ia 4500
001 CTU_220929
008 210402s9999 xx 000 0 und d
020 |c 419000 
082 |a 515 
082 |b S849/T.1 
100 |a Stewart, James 
245 0 |a Giải tích = 
245 0 |b Calculus 
245 0 |c James Stewart 
260 |a Hà Nội 
260 |b Hồng Đức 
260 |c 2016 
520 |a Nội dung sách bao gồm lý thuyết phương trình vi phân và lý thuyết chuỗi. Trong đó có 11 chương nói về các vấn đề: hàm số và giới hạn; đạo hàm; ứng dụng của đạo hàm; tích phân; ứng dụng của tích phân; hàm ngược; các kỹ thuật tính tích phân; các ứng dụng khác của tích phân; phương trình vi phân; phương trình tham số và hệ tọa độ cưc. 
650 |a Calculus,Giải tích 
904 |i Phan Thanh Thảo 
980 |a Trung tâm Học liệu Trường Đại học Cần Thơ